Sistema de derecho civil

Guardat en:
Dades bibliogràfiques
Autors principals: Díez-Picazo y Ponce de León, Luis María (Autor), Gullón, Antonio (Autor)
Format: Llibre
Idioma:espanyol
Publicat: Madrid Tecnos 1997
Edició:7a. ed
Matèries:
Etiquetes: Afegir etiqueta
Sense etiquetes, Sigues el primer a etiquetar aquest registre!

MARC

LEADER 00000nam a2200000 a 4500
001 UCP3169
003 CL-VaPUC
008 990611e19970000SP |||||||||||||||||spa|d
020 |a 8430907270 
020 |a 8430929649v.4 
020 |a 843092681Xv.2 
082 0 4 |a 346.46  |b DIE  |2 21 
100 0 |a Díez-Picazo y Ponce de León, Luis María  |e author  |9 430347 
700 0 |a Gullón, Antonio  |e author  |9 430348 
245 1 0 |a Sistema de derecho civil 
250 |a 7a. ed 
300 |a v 
942 |c BK 
945 |d 19990611 00:00:00  |a vberengu 
260 |a Madrid  |b Tecnos  |c 1997 
500 |a v.2: El contrato en general. La relación obligatoria. Contratos en especial. Cuasi contratos. Enriquecimientos sin causa. Responsabilidad extracontractual 
500 |a v.4: Derecho de familia. Derecho de sucesiones 
650 0 |a Contrato  |9 336601 
650 7 |a RELACION OBLIGATORIA  |2 CL-VaPUC  |9 430349 
650 0 |a Crédito  |9 256211 
650 0 |a Acreedor  |9 388863 
650 0 |a Fianza  |9 384920 
650 0 |a Cuasicontratos  |9 385637 
650 0 |a Responsabilidad extracontractual  |9 336742 
650 0 |a Familias   |9 255641 
650 7 |a MATRIMONIO  |2 CL-VaPUC  |9 430350 
650 0 |a Filiación  |9 256647 
650 7 |a SUCESION  |2 CL-VaPUC  |9 375829 
583 |a last modification  |c 19990611 00:00:00  |k Rodrigo Vera 
999 |c 281591  |d 281589 
952 |0 0  |1 0  |4 0  |6 346_460000000000000_DIE_1997  |7 0  |8 A  |9 322446  |a BIBDER  |b BIBDER  |d 2019-11-20  |h v.2  |i 3488543  |l 1  |m 1  |o 346.46 DIE 1997  |p 3488543  |r 2021-11-11  |s 2021-06-24  |w 2019-11-20  |y BK  |k DER 
952 |0 0  |1 0  |4 0  |6 346_460000000000000_DIE_1997  |7 0  |8 A  |9 322447  |a BIBDER  |b BIBDER  |d 2019-11-20  |h v.4  |i 348856K  |l 1  |o 346.46 DIE 1997  |p 348856K  |r 2024-10-02  |s 2024-10-01  |w 2019-11-20  |y BK  |k DER